Brussels South Charleroi Destinations (Charleroi, Belgium) - Map - Statistics

General Stats
  • This quiz has been taken 27 times
  • The average score is 106 of 130
Answers on the Map
Answers color-coded by a green-red scale on the quiz's map according to % correct below.
 
Answer Stats
Destination % Correct
Bordeaux
100%
Cork
100%
Dublin
100%
Faro
100%
Manchester
100%
Marseille
100%
Nice
100%
Toulouse
100%
Alicante
95%
Antalya
95%
Athens
95%
Barcelona
95%
Bucharest (Băneasa)
95%
Bucharest (Otopeni)
95%
Budapest
95%
Edinburgh
95%
Fès
95%
Genoa
95%
Ibiza
95%
Istanbul (Sabiha Gökçen)
95%
Lisbon
95%
Madrid
95%
Málaga
95%
Nantes
95%
Naples
95%
Newcastle upon Tyne
95%
Palma de Mallorca
95%
Porto
95%
Rome (Ciampino)
95%
Rome (Fiumicino)
95%
Sarajevo
95%
Seville
95%
Sofia
95%
Tirana
95%
Turin
95%
Valencia
95%
Vienna
95%
Warsaw (Chopin)
95%
Warsaw (Modlin)
95%
Zagreb
95%
Ajaccio
90%
Amman (Queen Alia)
90%
Bari
90%
Bratislava
90%
Catania
90%
Cluj-Napoca
90%
Gran Canaria
90%
Helsinki
90%
Kraków
90%
Marrakesh
90%
Menorca
90%
Pisa
90%
Poznań
90%
Prague
90%
Rabat
90%
Rhodes
90%
Riga
90%
Santiago de Compostela
90%
Stockholm (Arlanda)
90%
Tenerife (South)
90%
Varna
90%
Verona
90%
Agadir
85%
Banja Luka
85%
Bergamo
85%
Bologna
85%
Cagliari
85%
Chania
85%
Chișinau
85%
Corfu
85%
Dubrovnik
85%
Funchal
85%
Heraklion
85%
Iași
85%
Kaunas
85%
Malta
85%
Palermo
85%
Paphos
85%
Podgorica
85%
Skopje
85%
Tangier
85%
Trieste
85%
Wrocław
85%
Bastia
80%
Biarritz
80%
Brindisi
80%
Girona
80%
La Rochelle
80%
Perpignan
80%
Pula
80%
Timișoara
80%
Yerevan
80%
Zadar
80%
Zaragoza
80%
Katowice
75%
Kutaisi
75%
Lanzarote
75%
Rijeka
75%
Santander
75%
Alghero
70%
Ancona
70%
Fuerteventura
70%
Lamezia Terme
70%
Pescara
70%
Salerno
70%
Treviso
70%
Asturias
65%
Perugia
65%
Reggio Calabria
65%
Béziers
60%
Calvi
60%
Carcassonne
60%
Lourdes
60%
Olbia
60%
Oujda
60%
Trapani
60%
Craiova
55%
Nîmes
55%
Suceava
55%
Volos
55%
Almería
50%
Figari
50%
Nador
50%
Tétouan
50%
Vitoria
50%
Castellón
45%
Rodez
40%
Târgu Mureș
40%
Thessaloniki
40%
Essauouira
10%
No matching quizzes found
Score Distribution
Percent of People with Each Score
Percentile by Number Answered
Your Score History
You have not taken this quiz